| 000 | 00550nam a22001577a 4500 | ||
|---|---|---|---|
| 005 | 20120321132954.0 | ||
| 020 |
_a8170583403 _c200.00 |
||
| 035 | _aB-85628 | ||
| 037 |
_aDPL _bENG |
||
| 100 |
_aSri Aurobindo _944061 |
||
| 245 |
_aSavitri : _bA legend and a symbol / _cby Sri Aurobindo |
||
| 260 |
_aPondicherry _bSri Aurobindo Ashram _c2001 |
||
| 300 |
_a825p. _c22 cms. |
||
| 942 |
_2ddc _cEN _h181.499 _mAUR |
||
| 999 |
_c64221 _d64221 |
||